01010njm a2200241Ia 4500001000600000003000900006005001700015008004100032040001300073040001300086100002600099100001800125100003700143245002800180250001100208260001100219260006700230300001000297500002100307505032400328511006600652650005000718E1236IT-RoPAU20220918181210.0131025s9999 xx 000 0 und d aIT-RoPAU cIT-RoPAU aBach Johann Sebastian eAutore musica gCodice autore musica SPICS: 9695 aConcerti brandeburghesi a1a ed. aITALIA bEMI - LA VOCE DEL PADRONEc [1a Ed.: - Ed. Lingua Orig.: 1721] aDISCO aMusica classica. aConcerto brandeburghese n. 1 in fa maggiore BWV 1046 - Concerto brandeburghese n. 2 in fa maggiore BWV 1047 - Concerto brandeburghese n. 3 in sol mag BWV 1048 - Concerto brandeburghese n. 4 in sol mag BWV 1049 - Concerto brandeburghese n. 5 in re maggiore BWV 1050 - Concerto brandeburghese n. 6 in si bem mag BWV 1051. aThe Bath Festival Chamber Orchestra diretta da Menuhin Yehudi aCLASSICA [DISCHI]eCodice MATERIA SPICS: 9950